00439nam a2200145Ia 4500008004100000020001500041100002300056245003300079260001400112500002400126650003500150942000700185952008400192999001700276230524s9999 xx 000 0 und d a8176060208 aOscar Wilde936631 0aOscar Wilde Complete Stories bProjapoti aQuantity Number: 1 aPersonality Development936632 cBK 00104070aTATCLbTATCLcGENd2023-05-24l0p44978r2023-05-24w2023-05-24yBK c50674d50674